000 00569nam a2200157 i 4500
001 150001
003 ES-MaACL
007 t|
008 071025s1934 sp ||||1| spa d
100 1 _aValle Collantes, Francisco.
_9112785
245 1 3 _aEl motorista práctico-teórico
_b: estudio teórico-práctico de los motores de combustión en general : explosión, diesel y semidiesel /
_cFrancisco Valle Collantes.
250 _a2ª ed.
260 _aLa Coruña :
_b[s.n.],
_c1934 (
_fImp. Valladares)
300 _a450 p. ;
_c21 cm.
852 _aES-MaACL
_jB-9242
_bR.18443
999 _c150001
_d150001